000
00286nam a22001097a 4500
008
230731b xxu||||| |||| 00| 0 eng d
082
_a
354.676
_b
CPK 1954
245
_a
Report of the Committee on Betting, Gambling and Lotteries
260
_b
GOK
_c
1954
300
_a
118p
942
_2
ddc
_c
BK
999
_c
4019
_d
4019